[Event "Moscow Blitz Final 2014"]
[Site "Moscow RUS"]
[Date "2014.09.06"]
[Round "16.2"]
[White "Belous, Vladimir"]
[Black "Motylev, Alexander"]
[Result "1-0"]
[WhiteTitle "GM"]
[BlackTitle "GM"]
[WhiteElo "2584"]
[BlackElo "2686"]
[WhiteFideId "4174003"]
[BlackFideId "4121830"]
[EventDate "2014.09.06"]

1. c4 e5 2. Nc3 Nf6 3. Nf3 Nc6 4. g3 d5 5. cxd5 Nxd5 6. Bg2 Nb6 7. O-O Be7 8. a3
O-O 9. b4 Be6 10. d3 a5 11. b5 Nd4 12. Bb2 Nb3 13. Rb1 f6 14. Nd2 Nxd2 15. Qxd2
Nc4 16. Qc2 Nxa3 17. Bxa3 Bxa3 18. Bxb7 Rb8 19. Bc6 Bc5 20. Na4 Bb6 21. Nc5 Bh3
22. Rfc1 Kh8 23. Qc4 Qe7 24. Na4 Rbd8 25. Qh4 Be6 26. Be4 Bg8 27. Rc6 Rd6 28.
Rbc1 Rxc6 29. Rxc6 Qb4 30. Nxb6 cxb6 31. Rxb6 a4 32. Bf3 Qxh4 33. gxh4 a3 34.
Ra6 a2 35. b6 Rb8 36. b7 h5 37. Ra8 Kh7 38. Kg2 f5 39. Rxb8 a1=Q 40. Ra8 1-0

[Event "Moscow Blitz Final 2014"]
[Site "Moscow RUS"]
[Date "2014.09.06"]
[Round "16.3"]
[White "Fedoseev, Vladimir3"]
[Black "Popov, Ivan RUS"]
[Result "1/2-1/2"]
[WhiteTitle "GM"]
[BlackTitle "GM"]
[WhiteElo "2677"]
[BlackElo "2627"]
[WhiteFideId "24130737"]
[BlackFideId "4170350"]
[EventDate "2014.09.06"]

1. d4 d5 2. c4 c6 3. Nf3 Nf6 4. e3 Bg4 5. h3 Bxf3 6. Qxf3 e6 7. Bd3 Nbd7 8. O-O
g6 9. b3 Bg7 10. Ba3 Bf8 11. Bb2 Bg7 12. Nd2 O-O 13. Qe2 Re8 14. Nf3 Ne4 15.
Rfc1 Nd6 16. c5 Nc8 17. Ne5 Nxe5 18. dxe5 Ne7 19. b4 Qc7 20. f4 Rf8 21. Qg4 Nf5
22. Bxf5 exf5 23. Qh4 f6 24. e6 Rae8 25. Bd4 Rxe6 26. a4 Re4 27. Qf2 h5 28. b5
g5 29. b6 axb6 30. cxb6 Qd7 31. a5 gxf4 32. a6 fxe3 33. Bxe3 bxa6 34. Rxa6 d4
35. Bf4 d3 36. Ra7 Qd4 37. Qxd4 Rxd4 38. Be3 d2 39. Rd1 Rd3 40. Kf2 Re8 41. Bf4
Rd4 42. g3 Bf8 43. Rxd2 Rxd2+ 44. Bxd2 Bc5+ 45. Kf3 Bxb6 46. Ra6 Bd4 47. Rxc6
Kg7 48. Rc4 Be5 49. g4 fxg4+ 50. hxg4 Rd8 51. Be3 hxg4+ 52. Rxg4+ Kf7 53. Ra4
Ke6 54. Bf4 Kf5 1/2-1/2

[Event "Moscow Blitz Final 2014"]
[Site "Moscow RUS"]
[Date "2014.09.06"]
[Round "16.4"]
[White "Seliverstov, Vladimir"]
[Black "Riazantsev, Alexander"]
[Result "0-1"]
[WhiteTitle "FM"]
[BlackTitle "GM"]
[WhiteElo "2432"]
[BlackElo "2678"]
[WhiteFideId "4192036"]
[BlackFideId "4125029"]
[EventDate "2014.09.06"]

1. c4 e6 2. g3 d5 3. Bg2 Nf6 4. Nf3 dxc4 5. O-O a6 6. a4 Nc6 7. Na3 Bxa3 8. bxa3
e5 9. Qc2 e4 10. Ng5 Nd4 11. Qxc4 O-O 12. Bb2 c5 13. Qxc5 Nb3 14. Bxf6 gxf6 15.
Qc3 Nd4 16. Rfe1 fxg5 17. Bxe4 Bg4 18. f3 Be6 19. Bxb7 Ra7 20. Be4 Nb3 21. Rad1
Rc7 22. Qe3 Qd4 23. Qxd4 Nxd4 24. e3 Nc2 25. Re2 f5 26. Bd3 Nxa3 27. Bxa6 Ra8
28. Bb5 Nxb5 29. axb5 Bc4 30. d3 Bxb5 31. Kf2 Ra3 32. Red2 Rcc3 33. Rb2 Bxd3 34.
h4 gxh4 35. gxh4 Rc2+ 36. Rxc2 Bxc2 37. Rd7 h6 38. Rc7 Bb1 39. Rb7 Bc2 40. Rc7
Bb3 41. Kg3 Ra4 42. Rb7 Be6 43. Re7 Bf7 44. Re5 Bg6 45. Re7 Kf8 46. Rb7 Bf7 47.
Rc7 Kg7 48. Rc6 Rb4 49. Rd6 Be8 50. Re6 Bf7 51. Rd6 Rc4 52. Rb6 Bh5 53. Ra6 Bg6
54. Rb6 f4+ 55. exf4 Bf5 56. Ra6 Rc1 57. Ra5 Kf6 58. Ra6+ Be6 59. Ra5 Rg1+ 60.
Kf2 Rh1 61. h5 Bf7 62. Ra6+ Kg7 63. Ke3 Rxh5 64. Ra7 Rb5 65. Ke4 Kf6 66. Ra6+
Be6 67. Rd6 Rb4+ 68. Ke3 Kf5 69. Ra6 Rb3+ 70. Kf2 Rc3 71. Kg3 Rc1 72. Ra5+ Kf6
73. Ra6 Rg1+ 74. Kf2 Rb1 75. Kg3 Rb3 76. Rc6 Kf7 77. Rd6 Rc3 78. f5 Bxf5 79.
Rxh6 Bg6 80. Rh4 Kf6 81. Rf4+ Bf5 82. Rb4 Rc1 83. Rb6+ Be6 84. Kf4 Rc4+ 85. Kg3
Ke5 86. Rb8 Rc3 87. Rf8 Bd5 88. Rf4 Rc1 89. Rf8 Rg1+ 90. Kf2 Rg7 91. Ke3 Ra7 92.
Kf2 Kd4 93. Rf4+ Ke5 94. Rf8 Ra3 95. Kg3 Be6 96. Kf2 Bf5 97. Kg3 Ra2 98. Re8+
Kf6 99. Rf8+ Kg5 100. Rg8+ Bg6 101. Rf8 Ra3 102. Kf2 Bf5 103. Kg3 Rb3 104. Rg8+
Kf6 105. Rf8+ Ke5 106. Re8+ Kd4 107. Rf8 Bd3 108. Rd8+ Ke3 109. Re8+ Kd2 110.
Rd8 Rb7 111. Rf8 Rg7+ 112. Kf2 Rh7 113. Rd8 Rf7 114. Rd6 Kc3 115. Kg3 Be2 116.
f4 Kc4 117. Rd2 Bd3 118. Ra2 Kd4 119. Ra4+ Ke3 120. Kg4 Rg7+ 121. Kh4 Be4 122.
f5 Bxf5 123. Kh5 Be4 124. Kh6 Rg6+ 125. Kh5 Rg1 126. Kh6 Kf4 127. Ra7 Rh1+ 0-1

[Event "Moscow Blitz Final 2014"]
[Site "Moscow RUS"]
[Date "2014.09.06"]
[Round "16.5"]
[White "Savchenko, Boris"]
[Black "Grischuk, Alexander"]
[Result "1-0"]
[WhiteTitle "GM"]
[BlackTitle "GM"]
[WhiteElo "2608"]
[BlackElo "2789"]
[WhiteFideId "4147332"]
[BlackFideId "4126025"]
[EventDate "2014.09.06"]

1. e4 c5 2. Nf3 d6 3. d4 cxd4 4. Nxd4 Nf6 5. Nc3 a6 6. Bg5 Nbd7 7. Qe2 g6 8. f4
Bg7 9. e5 dxe5 10. fxe5 Nh5 11. O-O-O Bxe5 12. Nd5 Nhf6 13. Nf3 Nxd5 14. Nxe5
Nc7 15. Bh6 Ne6 16. Qf3 f6 17. Bc4 Qb6 18. Nxd7 Bxd7 19. Rxd7 Kxd7 20. Qd5+ Qd6
21. Qxb7+ 1-0

[Event "Moscow Blitz Final 2014"]
[Site "Moscow RUS"]
[Date "2014.09.06"]
[Round "16.6"]
[White "Najer, Evgeniy"]
[Black "Reshetnikov, Alexey"]
[Result "0-1"]
[WhiteTitle "GM"]
[BlackTitle "IM"]
[WhiteElo "2646"]
[BlackElo "2498"]
[WhiteFideId "4118987"]
[BlackFideId "4162080"]
[EventDate "2014.09.06"]

1. e4 c5 2. Nc3 Nc6 3. Bb5 Nd4 4. Bc4 e6 5. Nge2 Ne7 6. Nxd4 cxd4 7. d3 dxc3 8.
bxc3 d5 9. exd5 Nxd5 10. Bd2 Be7 11. O-O O-O 12. Rb1 b6 13. Bb3 Bb7 14. c4 Nf6
15. Re1 Nd7 16. Qg4 Bf6 17. Re3 Ne5 18. Qh5 g6 19. Qe2 Nc6 20. c3 Bg5 21. Rh3
Bxd2 22. Qxd2 Qf6 23. Re1 Rad8 24. Ree3 Na5 25. Reg3 Rd6 26. Rg4 Rfd8 27. Bc2 e5
28. Rh6 e4 29. d4 Nxc4 30. Qe2 b5 31. Rgh4 Qg5 32. h3 Qd2 33. Qg4 e3 34. f3 Qf2+
35. Kh2 Nd2 36. Rxh7 Nxf3+ 37. Qxf3 Bxf3 38. Rh8+ Kg7 0-1

[Event "Moscow Blitz Final 2014"]
[Site "Moscow RUS"]
[Date "2014.09.06"]
[Round "16.7"]
[White "Karjakin, Sergey"]
[Black "Paravyan, David"]
[Result "1-0"]
[WhiteTitle "GM"]
[BlackTitle "IM"]
[WhiteElo "2777"]
[BlackElo "2428"]
[WhiteFideId "14109603"]
[BlackFideId "4194985"]
[EventDate "2014.09.06"]

1. f4 d5 2. Nf3 g6 3. g3 Bg7 4. Bg2 Nf6 5. O-O c5 6. d3 Nc6 7. Qe1 d4 8. Na3 O-O
9. Nc4 Nd5 10. a4 b6 11. e4 dxe3 12. c3 Ba6 13. Bxe3 Nxe3 14. Qxe3 Qc7 15. Ng5
Rac8 16. Rae1 h6 17. Ne4 Rfd8 18. f5 gxf5 19. Rxf5 Qd7 20. Qf4 Qxd3 21. Ne3 f6
22. Bf1 Ne5 23. Bxd3 Nxd3 24. Qf1 Nxe1 25. Qxa6 Rc7 26. Rf1 Nd3 27. Qc4+ Kh8 28.
Nf5 Ne5 29. Qe6 Ng6 30. Nxg7 Kxg7 31. Nxf6 1-0

[Event "Moscow Blitz Final 2014"]
[Site "Moscow RUS"]
[Date "2014.09.06"]
[Round "16.8"]
[White "Dvalishvili, Pavel S."]
[Black "Morozevich, Alexander"]
[Result "0-1"]
[WhiteTitle "IM"]
[BlackTitle "GM"]
[WhiteElo "2439"]
[BlackElo "2731"]
[WhiteFideId "4121996"]
[BlackFideId "4116992"]
[EventDate "2014.09.06"]

1. e4 e6 2. d4 d5 3. Nd2 Be7 4. Ngf3 Nf6 5. exd5 exd5 6. Bd3 O-O 7. O-O Bg4 8.
c3 Nbd7 9. Re1 Bd6 10. Nf1 Re8 11. Rxe8+ Qxe8 12. Be3 Ne4 13. Qb3 Nb6 14. N3d2
Bf5 15. Re1 Qa4 16. Nxe4 Bxe4 17. Bxe4 dxe4 18. Nd2 Re8 19. Bg5 h6 20. Bh4 Qxb3
21. axb3 f5 22. Bg3 f4 23. Nxe4 fxg3 24. Nf6+ gxf6 25. Rxe8+ Kf7 26. Rb8 gxh2+
27. Kh1 Nd5 28. c4 Nf4 29. c5 Be7 30. Rxb7 Nd5 31. Rxa7 Ke6 32. b4 f5 33. b5 Bf6
34. Ra4 f4 35. Kxh2 Kf5 36. Kg1 Ke4 37. b6 cxb6 38. cxb6 Nxb6 39. d5+ Nxa4 0-1

[Event "Moscow Blitz Final 2014"]
[Site "Moscow RUS"]
[Date "2014.09.06"]
[Round "16.9"]
[White "Kretov, Evgenij"]
[Black "Grachev, Boris"]
[Result "0-1"]
[WhiteTitle "FM"]
[BlackTitle "GM"]
[WhiteElo "2263"]
[BlackElo "2673"]
[WhiteFideId "4167821"]
[BlackFideId "4129199"]
[EventDate "2014.09.06"]

1. d4 d5 2. c4 e6 3. Nc3 Nf6 4. cxd5 exd5 5. Bg5 c6 6. e3 Bf5 7. Qf3 Bg6 8. Bxf6
Qxf6 9. Qxf6 gxf6 10. Nf3 Nd7 11. Nd2 Nb6 12. a3 a5 13. Be2 Bd6 14. h4 h6 15.
O-O O-O 16. g3 Kg7 17. Kg2 a4 18. Rac1 Rfe8 19. Rfe1 Re7 20. Kf1 Rc7 21. Kg2 Re7
22. Kf1 Nd7 23. Kg2 Ree8 24. Bd1 Nb6 25. Be2 Bf8 26. Kg1 Re6 27. Kg2 Rd6 28. Kg1
Nd7 29. Bd1 b5 30. Bf3 Nb6 31. e4 dxe4 32. Ncxe4 Rxd4 33. Rxc6 Nd7 34. Nf1 Ne5
35. Rxf6 Nxf3+ 36. Rxf3 Rxe4 0-1

[Event "Moscow Blitz Final 2014"]
[Site "Moscow RUS"]
[Date "2014.09.06"]
[Round "16.10"]
[White "Malakhov, Vladimir"]
[Black "Dubov, Daniil"]
[Result "1-0"]
[WhiteTitle "GM"]
[BlackTitle "GM"]
[WhiteElo "2696"]
[BlackElo "2614"]
[WhiteFideId "4120787"]
[BlackFideId "24126055"]
[EventDate "2014.09.06"]

1. e4 e5 2. Nf3 Nc6 3. Bc4 Nf6 4. d3 Bc5 5. c3 O-O 6. Bb3 d5 7. exd5 Nxd5 8. O-O
Bg4 9. h3 Bh5 10. Re1 Nb6 11. Bc2 f5 12. Nbd2 Kh8 13. Nf1 a5 14. Ng3 Bxf3 15.
Qxf3 Qd7 16. Qh5 Rae8 17. Bd2 g6 18. Qe2 Qg7 19. d4 Bd6 20. dxe5 Bxe5 21. Qb5
Rd8 22. Rad1 Rd5 23. Qe2 f4 24. Ne4 f3 25. gxf3 Qd7 26. Kg2 Bg7 27. Ng3 Re5 28.
Be3 Qf7 29. Bb3 Qe7 30. Qd2 a4 31. Bxb6 axb3 32. Bd4 Qf7 33. Bxe5 Nxe5 34. Qd5
Nxf3 35. Qxf7 Nxe1+ 36. Rxe1 Rxf7 37. axb3 Bf8 38. b4 Rd7 39. Re8 Kg7 40. Rb8 b6
41. Ne4 Be7 42. f3 Kf7 43. Kf2 g5 44. Ke2 Kg7 45. Ra8 Kg6 46. b5 Rd5 47. Rc8
Rxb5 48. b4 c5 49. Rc7 Bf8 50. Rc6+ Kg7 51. bxc5 Bxc5 52. Nxg5 Rb2+ 53. Kd3 Rh2
54. Ne6+ Kf7 55. Nxc5 bxc5 56. Rxc5 Rxh3 57. Ke4 h5 58. Rc7+ Kf6 59. Rc6+ Kf7
60. c4 Rh1 61. c5 h4 62. Rc7+ Kf6 63. Rc6+ Kf7 64. Rh6 h3 65. Kd5 Kg7 66. Rh4
Kg6 67. f4 Kf5 68. Kd6 Rd1+ 69. Kc7 Rd3 70. c6 Ke4 71. Kb7 Kd5 72. c7 Rb3+ 73.
Kc8 Kd6 74. Kd8 Rg3 75. Rh6+ 1-0

[Event "Moscow Blitz Final 2014"]
[Site "Moscow RUS"]
[Date "2014.09.06"]
[Round "17.1"]
[White "Dubov, Daniil"]
[Black "Moskalenko, Alexander"]
[Result "1-0"]
[WhiteTitle "GM"]
[BlackTitle "IM"]
[WhiteElo "2614"]
[BlackElo "2460"]
[WhiteFideId "24126055"]
[BlackFideId "4155351"]
[EventDate "2014.09.06"]

1. Nf3 Nf6 2. c4 b6 3. Nc3 Bb7 4. d3 d6 5. e4 g6 6. g3 Bg7 7. Bg2 O-O 8. O-O c5
9. Ng5 h6 10. Nh3 Nc6 11. f4 Nd4 12. g4 Nh7 13. f5 e6 14. Nf4 g5 15. Nh5 Be5 16.
h4 exf5 17. gxf5 f6 18. hxg5 fxg5 19. Qg4 Nf6 20. Nxf6+ Qxf6 21. Bd2 Rf7 22. Kf2
Raf8 23. Bh3 Ne6 24. Rg1 Rg7 25. Ne2 Bxb2 26. Raf1 Bd4+ 27. Nxd4 Nxd4 28. Bc3
Bc6 29. Qd1 Qe5 30. Bg4 Be8 31. Rh1 Rh7 32. Bh5 Bxh5 33. Qxh5 Qf4+ 34. Kg2 Qe3
35. Rh3 Qe2+ 36. Rf2 Qxh5 37. Rxh5 Nc6 38. Kg3 Ne5 39. Rfh2 Rf6 40. Bd2 Nxd3 41.
Bc3 Ne5 42. Bxe5 dxe5 43. Rd2 Re7 44. Rd5 Kg7 45. Kg4 Rf8 46. Rd6 Rf6 47. Rxf6
Kxf6 48. Rxh6+ Kf7 49. Kxg5 Re8 50. Rh7+ Kf8 51. Kg6 Kg8 52. f6 Rd8 53. f7+ Kf8
54. Rh8+ Ke7 55. Rxd8 1-0

[Event "Moscow Blitz Final 2014"]
[Site "Moscow RUS"]
[Date "2014.09.06"]
[Round "17.2"]
[White "Grachev, Boris"]
[Black "Malakhov, Vladimir"]
[Result "1/2-1/2"]
[WhiteTitle "GM"]
[BlackTitle "GM"]
[WhiteElo "2673"]
[BlackElo "2696"]
[WhiteFideId "4129199"]
[BlackFideId "4120787"]
[EventDate "2014.09.06"]

1. d4 d5 2. Bf4 Nf6 3. e3 e6 4. Nd2 Bd6 5. Bg3 O-O 6. Bd3 c5 7. c3 b6 8. e4 Be7
9. e5 Nfd7 10. Qh5 g6 11. Qe2 Nc6 12. Ngf3 cxd4 13. cxd4 Nb4 14. O-O a5 15. Rfc1
Nxd3 16. Qxd3 Ba6 17. Qe3 Re8 18. h4 h5 19. Bf4 Rc8 20. Bg5 Bxg5 21. Nxg5 Qe7
22. a3 Nf8 23. Ndf3 Rxc1+ 24. Rxc1 Rc8 25. Rxc8 Bxc8 26. Qc1 Bb7 27. Nh3 Qd7 28.
Qf4 Qc7 29. Nfg5 Ba6 30. Qf3 Bb5 31. Kh2 Ba4 32. Qf6 Bc2 33. f3 Bf5 34. Nf2 Nh7
35. Nxh7 Kxh7 36. g4 hxg4 37. fxg4 Qc2 38. Qxf7+ Kh8 39. Qf8+ Kh7 40. Qf7+ Kh8
41. Kg3 Qb3+ 42. Kf4 Qxb2 43. Qf8+ Kh7 44. Qf7+ Kh8 45. Qf8+ Kh7 46. Kg5 Qxf2
47. Qe7+ Kg8 48. Qe8+ Kg7 49. Qe7+ Kg8 50. Qd8+ Kg7 51. Qf6+ Kg8 52. Qd8+ Kg7
53. Qe7+ Kg8 54. Qe8+ Kg7 55. Qd7+ Kg8 56. Qc8+ Kg7 57. Qc7+ Kg8 58. Qd8+ Kg7 1/2-1/2

[Event "Moscow Blitz Final 2014"]
[Site "Moscow RUS"]
[Date "2014.09.06"]
[Round "17.3"]
[White "Morozevich, Alexander"]
[Black "Kretov, Evgenij"]
[Result "1-0"]
[WhiteTitle "GM"]
[BlackTitle "FM"]
[WhiteElo "2731"]
[BlackElo "2263"]
[WhiteFideId "4116992"]
[BlackFideId "4167821"]
[EventDate "2014.09.06"]

1. e4 c5 2. b3 Nc6 3. Bb2 Nf6 4. e5 Nd5 5. Nf3 e6 6. Bb5 Qb6 7. Bxc6 Qxc6 8. O-O
a6 9. c4 Nf4 10. d4 cxd4 11. Bc1 Ng6 12. Re1 Bc5 13. Ba3 b6 14. Nxd4 Qc7 15. Bb2
Bb7 16. Qg4 h5 17. Qg5 Be7 18. Qe3 h4 19. h3 Rh5 20. Nd2 Kf8 21. N2f3 Bc5 22.
Rad1 Re8 23. Bc3 Bxf3 24. Qxf3 Rxe5 25. Rxe5 Qxe5 26. b4 Bxd4 27. Rxd4 Qc7 28.
Rg4 Kg8 29. Qd3 Rf8 30. Qd4 e5 31. Qd5 Qc6 32. Qd2 Qe6 33. c5 bxc5 34. bxc5 Rb8
35. Kh2 Rb5 36. Qe3 Qd5 37. Qg5 Rb8 38. f4 Qxc5 39. f5 Qxc3 40. fxg6 f6 41. Qxh4
Rb1 42. Qh7+ Kf8 1-0

[Event "Moscow Blitz Final 2014"]
[Site "Moscow RUS"]
[Date "2014.09.06"]
[Round "17.4"]
[White "Paravyan, David"]
[Black "Dvalishvili, Pavel S."]
[Result "0-1"]
[WhiteTitle "IM"]
[BlackTitle "IM"]
[WhiteElo "2428"]
[BlackElo "2439"]
[WhiteFideId "4194985"]
[BlackFideId "4121996"]
[EventDate "2014.09.06"]

1. d4 Nf6 2. c4 e6 3. Nc3 Bb4 4. Bg5 h6 5. Bh4 Bxc3+ 6. bxc3 d6 7. f3 Nbd7 8. e4
c5 9. Qd2 Nxe4 10. Bxd8 Nxd2 11. Bc7 Nxf1 12. Kxf1 cxd4 13. cxd4 Ke7 14. c5 dxc5
15. dxc5 Nxc5 16. Rd1 b6 17. Kf2 Ba6 18. Bd6+ Kf6 19. Nh3 Rhd8 20. Nf4 g5 21.
Bxc5 bxc5 22. Nh5+ Kg6 23. Ng3 Bd3 24. Ke3 c4 25. h4 Rab8 26. Rd2 Rd5 27. hxg5
hxg5 28. Rc1 f5 29. Kf2 f4 30. Ne2 Kf5 31. g4+ Kf6 32. Nc3 Rdd8 33. Rcd1 Rh8 34.
Kg2 Rh7 35. Rh1 Rxh1 36. Kxh1 Ke5 37. Ne2 Bxe2 38. Rxe2+ Kd5 39. Rd2+ Kc5 40.
Kg2 c3 41. Rd7 Rb6 42. Rd1 0-1

[Event "Moscow Blitz Final 2014"]
[Site "Moscow RUS"]
[Date "2014.09.06"]
[Round "17.5"]
[White "Reshetnikov, Alexey"]
[Black "Karjakin, Sergey"]
[Result "1-0"]
[WhiteTitle "IM"]
[BlackTitle "GM"]
[WhiteElo "2498"]
[BlackElo "2777"]
[WhiteFideId "4162080"]
[BlackFideId "14109603"]
[EventDate "2014.09.06"]

1. d4 d5 2. c4 c6 3. Nc3 Nf6 4. cxd5 cxd5 5. Bf4 Nc6 6. Rc1 a6 7. e3 Bg4 8. f3
Bd7 9. Bg3 e6 10. Bd3 Be7 11. f4 O-O 12. Nf3 Na7 13. Ne5 Nb5 14. Nxd7 Qxd7 15.
Nxb5 axb5 16. Qb3 b4 17. Bh4 Ng4 18. Bxe7 Qxe7 19. Be2 Nf6 20. O-O Ra5 21. Rc2
Rfa8 22. Rfc1 Ne8 23. Rc8 Rxa2 24. Bb5 Ra1 25. Kf2 Qh4+ 26. Kf3 Qh5+ 27. Kg3
Qg6+ 28. Kf2 Rxc1 29. Rxa8 Rc2+ 30. Be2 Rxe2+ 31. Kxe2 Qxg2+ 32. Ke1 Qg1+ 33.
Kd2 Qxh2+ 34. Kd3 h5 35. Rxe8+ Kh7 36. Qc2 Qh1 37. Rc8 h4 38. Qe2 b3 39. Qh5# 1-0

[Event "Moscow Blitz Final 2014"]
[Site "Moscow RUS"]
[Date "2014.09.06"]
[Round "17.6"]
[White "Grischuk, Alexander"]
[Black "Najer, Evgeniy"]
[Result "0-1"]
[WhiteTitle "GM"]
[BlackTitle "GM"]
[WhiteElo "2789"]
[BlackElo "2646"]
[WhiteFideId "4126025"]
[BlackFideId "4118987"]
[EventDate "2014.09.06"]

1. e4 c5 2. Nf3 Nf6 3. e5 Nd5 4. Nc3 e6 5. g3 Nc6 6. Bg2 d6 7. exd6 Bxd6 8. O-O
O-O 9. Re1 Be7 10. d4 Nxc3 11. bxc3 Bd7 12. Bf4 Rc8 13. dxc5 Bxc5 14. Ng5 Be7
15. Qh5 h6 16. Ne4 Qa5 17. Qe2 e5 18. Be3 Be6 19. Red1 Rfd8 20. Rxd8+ Rxd8 21.
g4 Qa4 22. g5 hxg5 23. Nxg5 Bxg5 24. Bxg5 f6 25. Be3 Bd5 26. Bxd5+ Rxd5 27. Qh5
Rd8 28. Qf5 Qc4 29. h3 b6 30. Kh2 Ne7 31. Qf3 Qd5 32. Qg4 Qd7 33. Qf3 Qf5 34.
Qg3 Kf7 35. Rg1 Rg8 36. Qh4 Qxc2 37. Qc4+ Kf8 38. Qe6 Qf5 39. Qd6 Kf7 40. a4 Qe6
41. Qc7 Rc8 42. Qxa7 Rc6 43. Rb1 Rxc3 44. Rxb6 Qa2 45. Rb7 Rxe3 46. Qxe3 Qxa4
47. Qc5 Qf4+ 48. Kg2 Qe4+ 49. Kg1 Qxb7 0-1

[Event "Moscow Blitz Final 2014"]
[Site "Moscow RUS"]
[Date "2014.09.06"]
[Round "17.7"]
[White "Riazantsev, Alexander"]
[Black "Savchenko, Boris"]
[Result "0-1"]
[WhiteTitle "GM"]
[BlackTitle "GM"]
[WhiteElo "2678"]
[BlackElo "2608"]
[WhiteFideId "4125029"]
[BlackFideId "4147332"]
[EventDate "2014.09.06"]

1. d4 e6 2. c4 Nf6 3. Nf3 c5 4. d5 b5 5. Bf4 exd5 6. cxd5 d6 7. Nc3 b4 8. Nb1
Bb7 9. e4 Nxe4 10. Bb5+ Nd7 11. O-O Be7 12. Re1 f5 13. Nbd2 O-O 14. Nxe4 fxe4
15. Rxe4 Nb6 16. Bc6 Bxc6 17. dxc6 d5 18. c7 Qe8 19. Rxe7 Qxe7 20. Bg3 Rac8 21.
Rc1 Kh8 22. h3 d4 23. Qc2 Nd7 24. Qc4 h6 25. Qd5 Qf7 26. Qd6 Rfe8 27. b3 Re6 28.
Qf4 Qxf4 29. Bxf4 Kg8 30. Bg3 Kf7 31. Kf1 Ke7 32. Nd2 Rc6 33. Nc4 R8xc7 34. Re1+
Kd8 35. Bxc7+ Rxc7 36. Re6 Nf6 37. g3 Re7 38. Rc6 Ne4 39. Kg2 d3 40. Kf1 d2 41.
Ke2 Rd7 42. Nxd2 Rxd2+ 43. Ke3 Rd6 0-1

[Event "Moscow Blitz Final 2014"]
[Site "Moscow RUS"]
[Date "2014.09.06"]
[Round "17.8"]
[White "Popov, Ivan RUS"]
[Black "Seliverstov, Vladimir"]
[Result "0-1"]
[WhiteTitle "GM"]
[BlackTitle "FM"]
[WhiteElo "2627"]
[BlackElo "2432"]
[WhiteFideId "4170350"]
[BlackFideId "4192036"]
[EventDate "2014.09.06"]

1. e4 d5 2. exd5 Qxd5 3. Nc3 Qa5 4. d4 Nf6 5. Bd2 Qb6 6. Nf3 c6 7. Bc4 Bf5 8.
Bb3 e6 9. Qe2 Nbd7 10. O-O-O Be7 11. h3 O-O-O 12. Bf4 Qa5 13. Kb1 Bb4 14. Bd2
Rhe8 15. a3 Bxc3 16. Bxc3 Qb6 17. Ka2 Nd5 18. Bd2 N7f6 19. c4 Ne7 20. Bf4 Ng6
21. Bh2 Be4 22. Ng5 Bxg2 23. Rhg1 Rxd4 24. Rxg2 Rxd1 25. Qxd1 Rd8 26. Qe2 Rd7
27. Ne4 Nxe4 28. Qxe4 Qc5 29. Qe3 Qxe3 30. fxe3 Rd3 31. Rf2 f5 32. e4 fxe4 33.
Bc2 Rf3 34. Rxf3 exf3 35. Bxg6 hxg6 36. Bg3 e5 37. Kb3 Kd7 38. Kc3 Ke6 39. Kd3
Kf5 40. Ke3 e4 41. b4 g5 42. Bf2 a6 43. a4 b5 44. cxb5 cxb5 45. a5 Ke5 46. Bg3+
Kd5 47. Be1 Kc4 48. Kxe4 f2 49. Bxf2 Kxb4 50. Be1+ Kc4 51. Bg3 b4 52. Be5 g6 53.
Bf6 Kb5 54. Kd3 Kxa5 55. Bxg5 Ka4 56. Kc2 Ka3 57. Be7 a5 58. Bd8 Ka2 59. Bf6 a4
60. Kc1 a3 61. Kc2 b3+ 0-1

[Event "Moscow Blitz Final 2014"]
[Site "Moscow RUS"]
[Date "2014.09.06"]
[Round "17.9"]
[White "Motylev, Alexander"]
[Black "Fedoseev, Vladimir3"]
[Result "0-1"]
[WhiteTitle "GM"]
[BlackTitle "GM"]
[WhiteElo "2686"]
[BlackElo "2677"]
[WhiteFideId "4121830"]
[BlackFideId "24130737"]
[EventDate "2014.09.06"]

1. e4 e5 2. Nf3 Nc6 3. Bb5 Nf6 4. O-O Nxe4 5. Re1 Nd6 6. Nxe5 Nxe5 7. Rxe5+ Be7
8. Bf1 O-O 9. Nc3 Ne8 10. Nd5 Bd6 11. Re2 Nf6 12. Ne3 Re8 13. d4 Bf8 14. Nc4 d5
15. Ne5 Ne4 16. f3 Nd6 17. Bf4 Be6 18. Qd2 c6 19. b3 Qb6 20. Bg3 Nf5 21. Bf2 c5
22. c3 cxd4 23. cxd4 Bb4 24. Qb2 Rac8 25. Rd1 Bc3 26. Qb1 Nxd4 27. Re3 Nb5 28.
a4 d4 29. Re4 Na3 30. Qc1 Qxb3 31. Bd3 Bf5 32. Rh4 Rxe5 0-1

[Event "Moscow Blitz Final 2014"]
[Site "Moscow RUS"]
[Date "2014.09.06"]
[Round "17.10"]
[White "Mozharov, Mikhail"]
[Black "Belous, Vladimir"]
[Result "0-1"]
[WhiteTitle "GM"]
[BlackTitle "GM"]
[WhiteElo "2555"]
[BlackElo "2584"]
[WhiteFideId "4189825"]
[BlackFideId "4174003"]
[EventDate "2014.09.06"]

1. e4 c5 2. Nc3 Nc6 3. Nge2 g6 4. d4 cxd4 5. Nxd4 Bg7 6. Be3 Nf6 7. Nxc6 bxc6 8.
e5 Ng8 9. Bd4 Qc7 10. f4 f6 11. Qe2 fxe5 12. Bxe5 Bxe5 13. fxe5 Nh6 14. O-O-O
Rb8 15. g4 Qa5 16. Rd4 Qb6 17. Qd2 Qxb2+ 18. Kd1 Qa1+ 19. Ke2 Ba6+ 20. Kf2 O-O+
21. Rf4 Rxf4+ 22. Qxf4 Qxc3 23. Qxh6 Rf8+ 24. Kg2 Qxc2+ 0-1

[Event "Moscow Blitz Final 2014"]
[Site "Moscow RUS"]
[Date "2014.09.06"]
[Round "18.1"]
[White "Moskalenko, Alexander"]
[Black "Belous, Vladimir"]
[Result "1-0"]
[WhiteTitle "IM"]
[BlackTitle "GM"]
[WhiteElo "2460"]
[BlackElo "2584"]
[WhiteFideId "4155351"]
[BlackFideId "4174003"]
[EventDate "2014.09.06"]

1. d4 Nf6 2. Bg5 e6 3. e4 h6 4. Bxf6 Qxf6 5. c3 d6 6. Bd3 Be7 7. Ne2 g5 8. O-O
Rg8 9. f4 gxf4 10. Nxf4 Qg5 11. Qf3 Nd7 12. Na3 a6 13. Nc4 Nf6 14. e5 Nd7 15.
exd6 cxd6 16. Rae1 Kd8 17. Re2 Nf6 18. Nb6 Rb8 19. c4 Bd7 20. Nxd7 Kxd7 21. b4
Qg4 22. Qe3 Rbe8 23. c5 Qh4 24. Qf3 Kc8 25. Bxa6 d5 26. Bb5 Ref8 27. c6 Ng4 28.
h3 Nf6 29. Qa3 Kc7 30. cxb7 Bd8 31. Rc2+ 1-0

[Event "Moscow Blitz Final 2014"]
[Site "Moscow RUS"]
[Date "2014.09.06"]
[Round "18.2"]
[White "Fedoseev, Vladimir3"]
[Black "Mozharov, Mikhail"]
[Result "0-1"]
[WhiteTitle "GM"]
[BlackTitle "GM"]
[WhiteElo "2677"]
[BlackElo "2555"]
[WhiteFideId "24130737"]
[BlackFideId "4189825"]
[EventDate "2014.09.06"]

1. e4 e5 2. Nf3 Nc6 3. Bb5 Nf6 4. O-O Nxe4 5. d4 a6 6. Ba4 b5 7. Bb3 d5 8. dxe5
Be6 9. Nbd2 Nc5 10. c3 Be7 11. Bc2 O-O 12. Nb3 Ne4 13. h3 Qc8 14. Be3 Rd8 15.
Qb1 Bf5 16. Nfd4 Nxd4 17. Nxd4 Bg6 18. Nc6 Re8 19. Qe1 Qd7 20. Nxe7+ Rxe7 21. f4
f6 22. Rd1 c6 23. Bd4 fxe5 24. Bxe5 Rf8 25. Qe3 Ref7 26. g4 Re7 27. Bb3 Kh8 28.
Rde1 Rfe8 29. Re2 Qb7 30. Kh2 Qd7 31. Rg2 Rf8 32. Qd4 Rfe8 33. Bd1 Qa7 34. Qxa7
Rxa7 35. Bd4 Rd7 36. f5 Bf7 37. g5 c5 38. Bg1 d4 39. cxd4 cxd4 40. Rf4 d3 41.
Rh4 Kg8 42. g6 hxg6 43. fxg6 Bd5 44. Bf3 Re6 45. Rf4 Nf6 46. Bxd5 Rxd5 47. Rff2
Ne4 0-1